书目信息 |
| 题名: |
图书馆业务自学大全
|
|
| 作者: | 孟昭晋 编著 | |
| 分册: | 12 目录学简编 | |
| 出版信息: | 长春 吉林省图书馆学会 1986 |
|
| 页数: | 130页 | |
| 开本: | 19cm | |
| 丛书名: | 吉林省图书馆学会丛书 | |
| 单 册: | ||
| 中图分类: | G251.5 | |
| 科图分类: | ||
| 主题词: | 图书馆事业 , 图书馆学 | |
| 电子资源: | ||
| ISBN: | ||
| 000 | 00694nam0 2200229 450 | |
| 001 | 0630818422 | |
| 005 | 20060721085403.96 | |
| 100 | @a20060720d1986 km y0chiy0120 ea | |
| 101 | 0 | @achi |
| 102 | @aCN@b220000 | |
| 200 | 1 | @a图书馆业务自学大全@h12@i目录学简编@Atu shu guan ye wu zi xue da quan@f孟昭晋编著@Fmeng zhao jin bian zhu |
| 210 | @a长春@c吉林省图书馆学会@d1986 | |
| 215 | @a130页@d19cm | |
| 225 | 2 | @a吉林省图书馆学会丛书@h十三 |
| 410 | 0 | @12001 @a吉林省图书馆学会丛书 |
| 517 | 1 | @a目录学简编@Amu lu xue jian bian |
| 606 | 0 | @a图书馆事业 |
| 606 | 0 | @a图书馆学 |
| 690 | @aG251.5@v3 | |
| 701 | 0 | @a孟昭晋@Ameng zhao jin@4编著 |
| 801 | 0 | @aCN@bPFT@c20060721 |
| 905 | @dG251.5@e11:12 | |
| 图书馆业务自学大全.12.目录学简编/孟昭晋编著.-长春:吉林省图书馆学会,1986 |
| 130页;19cm.-(吉林省图书馆学会丛书.十三) |
| ISBN : |
| ● |
| 相关链接 |
|
|
|
|
正题名:图书馆业务自学大全
索取号:G251.5/11:12
 
预约/预借
| 序号 | 登录号 | 条形码 | 馆藏地/架位号 | 状态 | 备注 |
| 1 | 0425109 | 204251095 | 密集书库/ [索取号:G251.5/11:12] | 在馆 | |
| 2 | 0425115 | 204251157 | 密集书库/ [索取号:G251.5/11:12] | 在馆 | |
| 3 | 0425116 | 204251166 | 密集书库/ [索取号:G251.5/11:12] | 在馆 |